| 000 | 01019nam a22003137a 4500 | ||
|---|---|---|---|
| 001 | 6994 | ||
| 003 | FISKH | ||
| 005 | 20250617092625.0 | ||
| 008 | 250617b cb ||||| |||| 00| 0 eng d | ||
| 020 | _a9780516263939eng | ||
| 040 |
_aFISKH _beng _cFISKH _dFISKH |
||
| 050 | _aQC173.16.H49 | ||
| 082 | _a530.4 | ||
| 100 | _aHewitt, Sally | ||
| 245 |
_aSolid, liquid, or gas ? / _cBy Sally Hewitt |
||
| 250 | _aFirst American edition 1998 | ||
| 260 |
_aNew York : _bChildren's Press , _c1997. |
||
| 300 |
_a30 pages : _bcolor illustrations ; _c24x24 cm. |
||
| 490 | _aIt's science ! | ||
| 505 | _aK | ||
| 520 | _aPresents information about the properties of solids, liquids, and gases, using observation and activities. | ||
| 521 | 8 |
_a510
_bLexile estimate |
|
| 521 | 8 |
_aK
_bRaz-Plus |
|
| 650 |
_aMatter--Constitution _vJuvennile Literature |
||
| 650 |
_aMatter--Properties _vJuvenile Literature |
||
| 700 |
_aCooke, Rachel _eSeries Editor |
||
| 942 |
_2ddc _cBK _n0 |
||
| 999 |
_c6994 _d6994 |
||